Математические методы и системы экспертной оценки в задачах поддержки принятия решений: практикум

Detalhes bibliográficos
Autor principal: Телипенко Е. В. Елена Викторовна
Autor Corporativo: Национальный исследовательский Томский политехнический университет Юргинский технологический институт
Outros Autores: Захарова А. А. Александра Александровна
Resumo:В практикуме изложены основные понятия теории принятия решений, существующие методы и модели, а также авторские разработки, которые стали математической базой представленных в пособии систем экспертных оценок для поддержки принятия решений. В указанных системах реализованы: модели, основанные на теории нечетких множеств; экспертные методы; методы отбора наиболее значимых факторов, оказывающих наибольшее влияние на анализируемое предприятие (метод главных компонент. SWOT-анализ); метод отбора и анализа альтернатив принятия решений (метод анализа иерархий): статистические методы; методы корреляционно-регрессионного анализа: методы бухгалтерского учета; методы группового принятия решений; методы принятия решений в разных условиях. В пособии представлены практические и лабораторные задания для формирования навыков решения задач в области принятия решений. Предназначен для студентов, обучающихся по направлениям 09.03.03 "Прикладная информатика" и 38.03.01 "Экономика".
Idioma:russo
Publicado em: Томск, Изд-во ТПУ, 2019
Assuntos:
Formato: Livro
KOHA link:https://koha.lib.tpu.ru/cgi-bin/koha/opac-detail.pl?biblionumber=343389

MARC

LEADER 00000nam0a2200000 4500
001 343389
005 20240110100838.0
010 |a 9785438708728 
035 |a (RuTPU)RU\TPU\book\373587 
090 |a 343389 
100 |a 20190911d2019 m y0rusy50 ca 
101 0 |a rus 
102 |a RU 
105 |a a j 001zy 
200 1 |a Математические методы и системы экспертной оценки в задачах поддержки принятия решений  |e практикум  |f Е. В. Телипенко, А. А. Захарова  |g Национальный исследовательский Томский политехнический университет, Юргинский технологический институт 
210 |a Томск  |c Изд-во ТПУ  |d 2019 
215 |a 156 с.  |c ил. 
320 |a Библиогр.: с. 154 
330 |a В практикуме изложены основные понятия теории принятия решений, существующие методы и модели, а также авторские разработки, которые стали математической базой представленных в пособии систем экспертных оценок для поддержки принятия решений. В указанных системах реализованы: модели, основанные на теории нечетких множеств; экспертные методы; методы отбора наиболее значимых факторов, оказывающих наибольшее влияние на анализируемое предприятие (метод главных компонент. SWOT-анализ); метод отбора и анализа альтернатив принятия решений (метод анализа иерархий): статистические методы; методы корреляционно-регрессионного анализа: методы бухгалтерского учета; методы группового принятия решений; методы принятия решений в разных условиях. В пособии представлены практические и лабораторные задания для формирования навыков решения задач в области принятия решений. Предназначен для студентов, обучающихся по направлениям 09.03.03 "Прикладная информатика" и 38.03.01 "Экономика". 
606 1 |a Принятие решений  |x Математическая теория  |x Экономика  |2 stltpush  |3 (RuTPU)RU\TPU\subj\36708  |9 57998 
610 1 |a практические работы 
610 1 |a лабораторные работы 
610 1 |a экспертные оценки 
610 1 |a математические методы 
610 1 |a математические модели 
610 1 |a информационные системы 
610 1 |a практикумы 
610 1 |a труды учёных ТПУ 
686 |a Ув631я7  |2 rubbk 
700 1 |a Телипенко  |b Е. В.  |c специалист в области информатики и вычислительной техники  |c доцент Томского политехнического университета, кандидат технических наук  |f 1985-  |g Елена Викторовна  |3 (RuTPU)RU\TPU\pers\31448  |9 15610 
701 1 |a Захарова  |b А. А.  |c специалист в области информатики и вычислительной техники  |c профессор Юргинского технологического института (филиала) Томского политехнического университета, доктор наук  |f 1976-  |g Александра Александровна  |3 (RuTPU)RU\TPU\pers\22758  |9 9789 
712 0 2 |a Национальный исследовательский Томский политехнический университет  |b Юргинский технологический институт  |c (2009- )  |3 (RuTPU)RU\TPU\col\15903 
801 1 |a RU  |b 63413507  |c 20190911 
801 2 |a RU  |b 63413507  |c 20220831  |g RCR 
942 |c BK